000 01331nam a22002177a 4500
005 20231122111354.0
008 231117b ||||| |||| 00| 0 eng d
020 _a9788184871579
040 _cAL
041 _aeng
082 _223
_a541.35
_bVISP
100 _aViswanathan B
_9141956
245 _aPhotoelectrochemistry: principles and practices
260 _aNew Delhi
_bNarosa Publishing House
_c2014
300 _aix,198,A-5,B-3,C-4,D-3p.
_bPB
_c24x16cm.
365 _2General
_aABDI/0722/23
_b₹447.00
_c
_d₹595.00
_e25%
_f27-10-2023
520 _aFuture energy needs have to be met essentially by properly harnessing solar radiation. As this area of research centers on the generation of hydrogen from water and also on the reduction of carbon dioxide and di-nitrogen to value added chemicals. Some of these aspects have been covered in this presentation. It is to be noted that forty years of research has not yielded the desired results and the clues for the causes for this failure is considered in this presentation. From many respects that this exercise is considered to be unique and the contents of this book can be comprehended by general readers interested in the general topic of Energy.
650 _2Physical chemistry
_aPhotochemistry
_9141957
700 _aScibioh, Aulice M
_9141958
942 _2ddc
_cBK
999 _c229213
_d229213